LEADER 01687nam 2200469 450 001 9910824705403321 005 20181115081947.0 035 $a(CKB)4100000002799065 035 $a(MiAaPQ)EBC5328446 035 $a(EXLCZ)994100000002799065 100 $a20180414h20182018 uy 0 101 0 $aeng 135 $aurcnu|||||||| 181 $2rdacontent 182 $2rdamedia 183 $2rdacarrier 200 00$aPragmatics of Japanese $eperspectives on grammar, interaction and culture /$fedited by Mutsuko Endo Hudson, Michigan State University ; Yoshiko Matsumoto, Stanford University ; Junko Mori, University of Wisconsin-Madison 210 1$aAmsterdam, [Netherlands] ;$aPhiladelphia, [Pennsylvania] :$cJohn Benjamins Publishing Company,$d2018. 210 4$d©2018 215 $a1 online resource (329 pages) 225 1 $aPragmatics and Beyond New Series,$x0922-842X ;$vVolume 285 311 $a90-272-0036-X 311 $a90-272-6440-6 320 $aIncludes bibliographical references at the end of each chapters and indexes. 410 0$aPragmatics & beyond ;$vVolume 285. 606 $aJapanese language$xDiscourse analysis 606 $aJapanese language$xGrammar 606 $aOral communication$zJapan 615 0$aJapanese language$xDiscourse analysis. 615 0$aJapanese language$xGrammar. 615 0$aOral communication 676 $a495.60141 702 $aHudson$b Mutsuko Endo 702 $aMatsumoto$b Yoshiko$f1954- 702 $aMori$b Junko 801 0$bMiAaPQ 801 1$bMiAaPQ 801 2$bMiAaPQ 906 $aBOOK 912 $a9910824705403321 996 $aPragmatics of Japanese$93958151 997 $aUNINA LEADER 01928nam1 22004093i 450 001 CFI0033982 005 20251003044113.0 100 $a19870626d1983 ||||0itac50 ba 101 | $aita 102 $ait 181 1$6z01$ai $bxxxe 182 1$6z01$an 183 1$6z01$anc$2RDAcarrier 200 1 $aDalla sperimentazione comprensoriale all'ente intermedio 210 $aRoma$cFORMEZ$d1983 215 $a2 v.$d24 cm. 225 | $aQuaderni regionali Formez$v40 410 0$1001CFI0004446$12001 $aQuaderni regionali Formez$v40$171202$aFormez$3CFIV003420 463 1$1001NAP0148175$12000 $a1$v1 463 1$1001NAP0148177$12000 $a2$v2 606 $aComprensori$2FIR$3SBLC132590$9I 676 $a352$9AMMINISTRAZIONE LOCALE$v18 676 $a352$9CONSIDERAZIONI GENERALI DI AMMINISTRAZIONE PUBBLICA$v21 676 $a352.00730945$9AMMINISTRAZIONE LOCALE. LIVELLI INTERMEDI. Italia$v22 676 $a352.14$9AMMINISTRAZIONE LOCALE$v21 801 3$aIT$bIT-000000$c19870626 850 $aIT-BN0095 $aIT-AV0001 $aIT-NA0079 $aIT-CE0127 $aIT-NA0230 901 $bNAP AL$cCARUSO $n$ 901 $bNAP BN$cC $nComprende volumi con collocazioni per formato catalogati prima del 1987. La consegna del doc. é effettuata dall'Uff. Distribuzione. 901 $bNAP IR$cGEREMICCA $n$ 901 $bNAP CT$cF. CORVESE$nFondo Centro F. Daniele-ICSR Vera Lombardi. Dono di Felicio Corvese 901 $bNAP 01$cPOZZO LIB.$nVi sono collocati fondi di economia, periodici di ingegneria e scienze, periodici di economia e statistica e altri fondi comprendenti documenti di economia pervenuti in dono. 912 $aCFI0033982 950 1$aBiblioteca Centralizzata di Ateneo$cv. 1-2$d 01POZZO LIB.ECON MON 8792 977 $a 01$a AL$a BN$a CT$a IR 996 $aDalla sperimentazione comprensoriale all'ente intermedio$9326498 997 $aUNISANNIO